| 000 -LEADER |
| fixed length control field |
01509nam a22003977a 4500 |
| 001 - CONTROL NUMBER |
| control field |
3535065 |
| 003 - CONTROL NUMBER IDENTIFIER |
| control field |
OSt |
| 005 - DATE AND TIME OF LATEST TRANSACTION |
| control field |
20210423064350.0 |
| 008 - FIXED-LENGTH DATA ELEMENTS--GENERAL INFORMATION |
| fixed length control field |
960620s1996 be b b 100 0 eng d |
| 010 ## - LIBRARY OF CONGRESS CONTROL NUMBER |
| LC control number |
96182426 |
| 020 ## - INTERNATIONAL STANDARD BOOK NUMBER |
| International Standard Book Number |
9054871172 |
| 035 ## - SYSTEM CONTROL NUMBER |
| System control number |
(OCoLC)34964419 |
| 040 ## - CATALOGING SOURCE |
| Original cataloging agency |
WaU |
| Transcribing agency |
WaU |
| Modifying agency |
DLC |
| Language of cataloging |
eng |
| 041 ## - LANGUAGE CODE |
| Language code of text/sound track or separate title |
eng |
| 042 ## - AUTHENTICATION CODE |
| Authentication code |
lccopycat |
| 043 ## - GEOGRAPHIC AREA CODE |
| Geographic area code |
e-urk-- |
| 050 04 - LIBRARY OF CONGRESS CALL NUMBER |
| Classification number |
DK509 |
| Item number |
.C66 1996 |
| 080 ## - UNIVERSAL DECIMAL CLASSIFICATION NUMBER |
| Universal Decimal Classification number |
94 |
| Item number |
C-78 |
| 082 00 - DEWEY DECIMAL CLASSIFICATION NUMBER |
| Classification number |
305.8/009479 |
| Edition number |
20 |
| 100 ## - MAIN ENTRY--PERSONAL NAME |
| 9 (RLIN) |
932 |
| Personal name |
Coppieters, Bruno |
| Relator term |
Editor |
| 245 00 - TITLE STATEMENT |
| Title |
Contested borders in the Caucasus / |
| Statement of responsibility, etc. |
Bruno Coppieters, ed. |
| Remainder of title |
/ by: VUBPRESS |
| 260 ## - PUBLICATION, DISTRIBUTION, ETC. |
| Place of publication, distribution, etc. |
Brussels |
| Name of publisher, distributor, etc. |
VUBPRESS |
| Place of publication, distribution, etc. |
Concord, Mass. |
| Name of publisher, distributor, etc. |
Distributed in the US exclusively by Paul & Company, Publishers Consortium, |
| Date of publication, distribution, etc. |
c1996. |
| 300 ## - PHYSICAL DESCRIPTION |
| Extent |
205 p. |
| Other physical details |
maps |
| Dimensions |
24 cm. |
| 500 ## - GENERAL NOTE |
| General note |
Papers presented at a conference organized by the Centrum voor Politicologie, Vrije Universiteit Brussel and the Centre CRITEME, Université libre de Bruxelles, 29-30 March 1994. |
| 504 ## - BIBLIOGRAPHY, ETC. NOTE |
| Bibliography, etc. note |
Includes bibliographical references. |
| 650 #0 - SUBJECT ADDED ENTRY--TOPICAL TERM |
| Topical term or geographic name entry element |
Post-communism |
| Geographic subdivision |
Caucasus |
| General subdivision |
Congresses. |
| 650 #0 - SUBJECT ADDED ENTRY--TOPICAL TERM |
| Topical term or geographic name entry element |
History |
| 9 (RLIN) |
252 |
| 651 #0 - SUBJECT ADDED ENTRY--GEOGRAPHIC NAME |
| Geographic name |
Caucasus |
| General subdivision |
Ethnic relations |
| -- |
Congresses. |
| 653 ## - INDEX TERM--UNCONTROLLED |
| Uncontrolled term |
ისტორია |
| 653 ## - INDEX TERM--UNCONTROLLED |
| Uncontrolled term |
პოსტკომუნიზმი |
| 653 ## - INDEX TERM--UNCONTROLLED |
| Uncontrolled term |
კავკასია |
| 700 1# - ADDED ENTRY--PERSONAL NAME |
| Personal name |
Coppieters, Bruno. |
| Relator term |
Editor |
| 906 ## - LOCAL DATA ELEMENT F, LDF (RLIN) |
| a |
7 |
| b |
cbc |
| c |
copycat |
| d |
2 |
| e |
ncip |
| f |
19 |
| g |
y-gencatlg |
| 942 ## - ADDED ENTRY ELEMENTS (KOHA) |
| Source of classification or shelving scheme |
|
| Koha item type |
Books |